Network ( Workbook 3 )
Enregistré dans:
| Auteur principal: | |
|---|---|
| Format: | Livre |
| Langue: | Undetermined |
| Publié: |
Oxford
Oxford Univ. Press
2000
|
| Sujets: | |
| Tags: |
Ajouter un tag
Pas de tags, Soyez le premier à ajouter un tag!
|
| Thư viện lưu trữ: | Trung tâm Học liệu Trường Đại học Cần Thơ |
|---|
| LEADER | 00579nam a2200193Ia 4500 | ||
|---|---|---|---|
| 001 | CTU_42367 | ||
| 008 | 210402s9999 xx 000 0 und d | ||
| 020 | |b 47.000đ | ||
| 082 | |a 428.24 | ||
| 082 | |b N477w/T3 | ||
| 100 | |a Bill Bowler | ||
| 245 | 0 | |a Network ( Workbook 3 ) | |
| 245 | 0 | |c Bill Bowler, Sue Parminter | |
| 260 | |a Oxford | ||
| 260 | |b Oxford Univ. Press | ||
| 260 | |c 2000 | ||
| 650 | |a english language - study and teaching,english language - textbooks for foreign speakers | ||
| 904 | |i Minh, 010720 | ||
| 980 | |a Trung tâm Học liệu Trường Đại học Cần Thơ | ||